Podaj prawidłowy rok, w którym miała miejsce dana wojna - Statystyki

Ogólne statystyki
  • Ten quiz został rozwiązany 1 849 razy
  • Średni wynik to 10 z 20
Statystyki odpowiedzi
Wojna Lata % Poprawnych
II wojna światowa 1939–1945
100%
I wojna światowa 1914–1918
99%
Wojna Wietnamska 1955–1975
65%
Wojny Napoleońskie 1803–1815
61%
Wojna koreańska 1950–1953
61%
Wojna o niepodległość Stanów Zjednoczonych 1775–1783
60%
Wojna stuletnia 1337–1453
56%
Krucjaty 1095–1291
53%
Wojna zimowa 1939–1940
53%
Wojna Secesyjna 1861–1865
50%
Hiszpańska Wojna Domowa 1936–1939
50%
Wojna w Zatoce Perskiej 1990–1991
43%
Wojna iracko-irańska 1980–1988
42%
Wojna trzydziestoletnia 1618–1648
34%
Wojna Sześciodniowa 1967
34%
Wojna algierska 1954–1962
32%
Wojna Krymska 1853–1856
30%
Wojna siedmioletnia 1756–1763
22%
II wojna domowa w Kongu 1998–2003
22%
Angielska wojna domowa 1642–1651
19%
Nie znaleziono quizów pasujących do podanych kryteriów
Rozkład punktacji
Procent ludzi z każdym wynikiem
Percentyl według liczby udzielonych odpowiedzi
Twoja historia wyników
Nie rozwiązałeś tego quizu